Lê Quý Đôn toàn tập; T3 Đại Việt thông sử
Đã lưu trong:
| Hovedforfatter: | |
|---|---|
| Format: | Bog |
| Sprog: | Undetermined |
| Udgivet: |
Hà Nội
HKXH
1978
|
| Fag: | |
| Tags: |
Tilføj Tag
Ingen Tags, Vær først til at tagge denne postø!
|
| Thư viện lưu trữ: | Trung tâm Học liệu Trường Đại học Cần Thơ |
|---|
| LEADER | 00559nam a2200193Ia 4500 | ||
|---|---|---|---|
| 001 | CTU_11015 | ||
| 008 | 210402s9999 xx 000 0 und d | ||
| 082 | |a 895.92208 | ||
| 082 | |b Đ454/T3 | ||
| 100 | |a Lê Quý Đôn | ||
| 245 | 0 | |a Lê Quý Đôn toàn tập; T3 | |
| 245 | 0 | |b Đại Việt thông sử | |
| 245 | 0 | |c Lê Quý Đôn | |
| 260 | |a Hà Nội | ||
| 260 | |b HKXH | ||
| 260 | |c 1978 | ||
| 650 | |a vietnam - history | ||
| 904 | |i Nguyễn Quang Điền, 961014 | ||
| 980 | |a Trung tâm Học liệu Trường Đại học Cần Thơ | ||